00475pab a2200157 454500008004000000100001900040245009200059260000900151300001200160362000800172650003600180650002200216650001400238700002400252773004100276180718b2009 xxu||||| |||| 00| 0 eng d aSthapit, Arhan aManagement of sales promotion in Nepal: a perspective on construction - material market c2009 ap.1-21. aAug aNepal - Construction industries aMarketing - Nepal aMarketing aBajracharya, Prabin aAdministration and Management Review